000 00315nam a22001457a 4500
008 230831b ||||| |||| 00| 0 eng d
020 _a2900801032409
041 _aeng
080 _a7
082 _a7
100 _a20
101 _aART
245 _aREFRAMING THEOLOGY AND FILM
_cJOHNSTON.K.R
942 _2udc
_cBK
999 _c60219
_d60219